000 00309nam a22001097a 4500
008 150827b xxu||||| |||| 00| 0 eng d
020 _a0870232010
082 _a324.273 HUC
100 _aHUCKSHORN,ROBERT.J
245 _aPARTY LEADERSHIP IN THE STATES
260 _aNEW YORK
_bUNIVERSITY OF MASSACHUSETTS PRESS
_c1976
999 _c1233
_d1233